Rainfall-runoff modelling in gauged and ungauged catchments

Αποθηκεύτηκε σε:
Λεπτομέρειες βιβλιογραφικής εγγραφής
Κύριος συγγραφέας: Wagener, Thorsten
Άλλοι συγγραφείς: Wheater, Howard, Gupta, Hoshin V. (Hoshin Vijai) 1957-
Μορφή: Βιβλίο
Γλώσσα:English
Δημοσίευση: London : Imperial College Press, 2004
Θέματα:
Ετικέτες: Προσθήκη ετικέτας
Δεν υπάρχουν, Καταχωρήστε ετικέτα πρώτοι!

MARC

LEADER 00000nam a2200000 i 4500
001 1/99363
008 081212s2004 eng d
020 |a 978-1-86094-466-6 
020 |a 1-86094-466-3 
035 |l 10102432 
040 |a GR-MY-UA  |b gre  |e aacr 
041 0 |a eng 
082 0 |a 551.488  |2 (22) 
100 1 |a Wagener, Thorsten. 
245 1 0 |a Rainfall-runoff modelling in gauged and ungauged catchments /  |c Thorsten Wagener, Howard S. Wheater, Hoshin V. Gupta. 
260 |a London :   |b Imperial College Press,   |c 2004 
300 |a xxv, 306 σ.;  |b εικ.;  |c 24 εκ. 
504 |a Βιβλιογραφία: σ. 273-300 
504 |a Ευρετήριο: σ. 301-304 
650 0 0 |a Rain and rainfall  |x Mathematical models. 
650 0 0 |a Runoff  |x Mathematical models. 
650 0 0 |a Watersheds. 
700 1 |a Wheater, Howard. 
700 1 |a Gupta, Hoshin V.  |q (Hoshin Vijai)  |d 1957- 
852 |a INST  |b LESVOS  |e 20081212  |h 551.488 WAG  |p 005100043671  |q 005100043671  |t BK  |y 0 
901 |a BIBL1-2008-3 
909 |a Λ  |b 157521 
920 |a ΕΠΕΑΕΚ ΠΜΣ ΔΙΑΧΕΙΡΙΣΗ ΠΑΡΑΚΤΙΩΝ ΠΕΡΙΟΧΩΝ  |y ΛΕΣΒΟΣ  |z 2008-12 
970 |a ΚΑΡΑ  |b ΓΙΑΣΕΜΗ  |z 2008/12/12